| 000 | 00887nam a2200217 a 4500 | ||
|---|---|---|---|
| 003 | 0 | ||
| 005 | 20250328093000.0 | ||
| 008 | 050809s19uu xx 00 eng d | ||
| 050 |
_aPGS TD 427.D47.K36 _b.D582 2005 |
||
| 100 | _aDimagiba, Paolo Thomas G. | ||
| 245 |
_aThe use of kangkong (Ipomoea aquatica Forsk) plant as a bioassay for detergent-contaminated water / _cPaolo Thomas G. Dimagiba. |
||
| 260 |
_aLas PiƱas City, Philippines : _bSouthville International School and Colleges, _c2005. |
||
| 300 |
_a54 pages : _billustrations ; _c28 cm. |
||
| 504 | _aIncludes bibliographical references. | ||
| 650 |
_aBioassay _vEnvironmental monitoring. |
||
| 650 |
_aWater _vPollution _vTesting. |
||
| 650 |
_aDetergents _vEnvironmental aspects. |
||
| 650 |
_aKangkong (Ipomoea aquatica) _vToxicity testing. |
||
| 650 |
_aPhytoremediation _vWater contamination. |
||
| 942 |
_2lcc _cPASS |
||
| 999 |
_c97355 _d97355 |
||